| 000 | 00630cam a22002291 4500 | ||
|---|---|---|---|
| 001 | sa 66002471 | ||
| 003 | DLC | ||
| 005 | 20260227112229.0 | ||
| 008 | 770519s1965 ii 000 0 eng | ||
| 010 | _asa 66002471 | ||
| 035 | _a(OCoLC)2979653 | ||
| 040 |
_aDLC _cFU-L _dDLC |
||
| 042 | _apremarc | ||
| 050 | 0 | 0 |
_aKNS3755 _b.A953 1965 |
| 100 | 1 |
_aAnand, R. L. _q(Ram Lal), _d1890- |
|
| 245 | 0 | 0 |
_aAnand's Law of compromises, _cby S. K. Agrawal. |
| 250 | _a2d ed. | ||
| 260 |
_aAllahabad, _bLaw Book Co., _c1965. |
||
| 300 |
_axxx, 333 p. _c22 cm. |
||
| 650 | 0 |
_aCompromise (Law) _zIndia. |
|
| 700 | 1 |
_aAgrawal, S. K., _eeditor. |
|
| 999 |
_c68390 _d68390 |
||